Pagbasa at pagsulat tungo sa pananaliksik : (Record no. 117780)
[ view plain ]
| 000 -LEADER | |
|---|---|
| fixed length control field | 00575nam a2200169Ia 4500 |
| 008 - FIXED-LENGTH DATA ELEMENTS--GENERAL INFORMATION | |
| fixed length control field | 140529s9999 xx 000 0 und d |
| 020 ## - INTERNATIONAL STANDARD BOOK NUMBER | |
| International Standard Book Number | 9789718210932 |
| 050 ## - LIBRARY OF CONGRESS CALL NUMBER | |
| Classification number | PL 6055 |
| Item number | .P131 2007 |
| 245 ## - TITLE STATEMENT | |
| Title | Pagbasa at pagsulat tungo sa pananaliksik : |
| Remainder of title | aklat sa Filipino 2 - antas tersyarya / |
| Statement of responsibility, etc | Paquito B. Badayos … [et al.] |
| 260 ## - PUBLICATION, DISTRIBUTION, ETC. (IMPRINT) | |
| Place of publication, distribution, etc | Valenzuela City, Philippines : |
| Name of publisher, distributor, etc | Mutya Publishing House, Inc., |
| Date of publication, distribution, etc | c2007. |
| 300 ## - PHYSICAL DESCRIPTION | |
| Extent | 232 p. ; |
| Dimensions | 26 cm. |
| 500 ## - GENERAL NOTE | |
| General note | Includes appendices. |
| 521 ## - TARGET AUDIENCE NOTE | |
| Target audience note | |
| 650 ## - SUBJECT ADDED ENTRY--TOPICAL TERM | |
| Topical term or geographic name as entry element | Filipino literature. |
| 942 ## - ADDED ENTRY ELEMENTS (KOHA) | |
| Call number prefix | Local |
| Koha item type | Books |
| Withdrawn status | Lost status | Damaged status | Home library | Current library | Shelving location | Date acquired | Total Checkouts | Full call number | Barcode | Date last seen | Price effective from | Koha item type |
|---|---|---|---|---|---|---|---|---|---|---|---|---|
| College Library | College Library | Filipiniana Section | 05/30/2014 | PL 6055 .P131 2007 | C17075 | 05/08/2018 | 05/30/2014 | Books |